LDR 00476naa#a2200157#i#450# 001 EN\\bibl\113412 005 20260701154624.3 011 ## _a2542-1840 100 ## _a20260630b2026####ek#y0engy0150####ca 102 ## _aRU 200 1# _aStructural and Semantic Dominants of r/SpaceX Discourse _eJournal article 210 1# _aKemerovo _cKemerovo State University _d2026 215 ## _a11 с. 608 ## _aJournal article _2local 700 #1 _aSmakotina _gNatal'ya Anatol'evna 856 4# _avestnik-pses.kemsu.ru _u